000 00434nam a2200169Ia 4500
005 20250508151759.0
008 008 250505s9999 xx 000 0 hin d
037 _aTextual
040 _aFEDL
_beng
_cFEDL
041 _ahin
_2eng
084 _a891.432, VID
_qFEDL
100 _aVidhalandar Chandra Gupt
_9759976
245 0 _aAshok
300 _a160p.
942 _cTEXL
_h891.432, VID
999 _c1332114
_d1332114